Topics in engineering mathematics: modeling and methods

Spremljeno u:
Bibliografski detalji
Glavni autori: Burgh, Adriaan van der (Autor), Simonis, Juriaan (Autor)
Format: Knjiga
Jezik:engleski
Izdano: Dordrecht Kluwer Academic 1992
Serija:Mathematics and its Applications
Teme:
Oznake: Dodaj oznaku
Bez oznaka, Budi prvi tko označuje ovaj zapis!

MARC

LEADER 00000nam a2200000 a 4500
001 UCY1475
003 CL-VaPUC
008 940905e19920000NE |||||||||||||||||eng|d
082 0 4 |a 620.001  |b BUR  |2 21 
100 0 |a Burgh, Adriaan van der  |e author  |9 329471 
700 0 |a Simonis, Juriaan  |e author  |9 329472 
245 1 0 |a Topics in engineering mathematics: modeling and methods 
300 |a 265 p 
942 |c BK 
945 |d 19940905 00:00:00  |a mfernand 
260 |a Dordrecht  |b Kluwer Academic  |c 1992 
650 0 |a Matemáticas para ingenieros  |9 259317 
650 0 |a Modelos matemáticos   |9 259437 
583 |a last modification  |c 20120821 07:57:24  |k Rodrigo Vera 
490 0 |a Mathematics and its Applications 
999 |c 230169  |d 230167 
952 |0 0  |1 0  |4 0  |6 620_001000000000000_BUR_1992  |7 0  |8 A  |9 232212  |a BIBING  |b BIBING  |d 2019-11-15  |i 3017192  |o 620.001 BUR 1992  |p 3017192  |r 2025-01-20  |w 2019-11-15  |y BK  |k EIE